000 00296nam a22001337a 4500
008 170810b xxu||||| |||| 00| 0 eng d
020 _a9780470104859
041 _aeng
080 _a004
100 _a35
101 _aSHK
245 _aACCESS 2007 DATA ANALYSIS
_cALEXANDER,M
942 _2udc
_cBK
999 _c23069
_d23069